02332nam a2200373 i 4500001001000000003000900010005001700019007000300036008004100039040003000080082002300110110006700133245013800200264004800338300003900386336002800425337003400453490004300487500010100530500005300631500007100684590002600755650005500781700010700836700005100943910003700994942001401031952015801045952021701203952022301420952015201643952014601795999001701941000020197DO-SdBNP20240524145257.0ta100727s1960 dr 000 0 spa d aDO-SdBNPbspacBNPHUerda04a972.9304bU58c2221 aUnited States.bCommission of Inquiry to Santo Domingo.94279210aInforme de la Comisión de Investigación de los E.U.A en Santo Domingo en 1871 /cPrefacio y notas de Emilio Rodríguez Demorizi. aCiudad Trujillo :bEditora Montalvo,c1960. a650 páginas :bfacsims ;c25 cm. 2rdacontent atextobtxt 2rdamedia asin mediaciónbn0 aAcademia Dominicana de la Historia;v9 aBreve refutación del Informe de los comisionados de Santo Domingo por José Gabriel García. aIncluye índice de personas, lugares y materias aIncluye referencias bibliograficas y notas al pie de las páginas aInventariado, 2019/BT 4aRepública dominicanaxHistoriay1865-191693820512aGarcía, José Gabriel.tBreve refutación del Informe de los comisionados de Santo Domingo.94279312aRodríguez Demorizi, Emilio,d1908-198691039 aValidado. Control de calidad MFF 2ddccLBS1 00102ddc56708PD-RVaBNPHUbBNPHUcHDd2011-06-14iLF1l0oBNPHU DS-RV 972.9304 U58cp20197-30r2020-06-25te. 3w2020-06-25yLBS1ZPréstamo en sala 00102ddc56708PD-RVaBNPHUbBNPHUcHDd2011-09-08iLF1l0oBNPHU DS-RV 972.9304 U58cp20197-40r2020-06-25te. 4w2020-06-25yLBS1zPerteneció a la biblioteca personal de Martínez BoogZPréstamo en sala 00102ddc56708PD-RVaBNPHUbBNPHUcHDd2019-07-30iLF1l0oBNPHU DS-RV 972.9304 U58cp20197-50r2020-06-25te.5w2020-06-25yLBS1zPerteneció a la biblioteca personal de la familia Reyes Duluc.ZPréstamo en sala 00102ddc51708PD-RVaBNPHUbBNPHUcHDd2010-07-27l0oBNPHU PD-RV 972.9304 U58cp20197-10r2020-06-25w2020-06-25yLBS1zDedicado.ZNo se presta 00102ddc51708PD-RVaBNPHUbBNPHUcHDd2011-06-14l0oBNPHU PD-RV 972.9304 U58cp20197-20r2020-06-25te.2w2020-06-25yLBS1ZNo se presta c19704d19704